Sensors and Actuators A. Physical

Enregistré dans:
Détails bibliographiques
Format: Publication en série
Publié: 1999
Tags: Ajouter un tag
Pas de tags, Soyez le premier à ajouter un tag!

MARC

LEADER 00000nas a22000003a 4500
001 stu69715
005 20141121234808.1
008 011106s1999----------------------------d
040 |a STU  |b slo 
041 0
245 |a Sensors and Actuators A. Physical 
260 |c 1999 
500 |a 21 
500 |a 1-3 
773 0 |t Sensors and Actuators A. Physical  |w stu_us_cat*stu60278  |x 0924-4247  |7 nnas 
996 |d Vol. A77, 1999  |v Vol. A77  |y 1999  |l EE0103  |s A  |a 24  |w stu69715_0001